000 00797nam a22002057a 4500
999 _c8052
_d8052
003 AR-CdUCM
008 190319b ||||| |||| 00| 0 eng d
040 _aMUNICIPALIDAD PROVINCIAL DEL CUSCO
_cBIBLIOTECA MUNICIPAL DEL CUSCO
082 _24ed.
_a709 /
_bP56
100 _aPijoán, José
_918769
245 _aSumma Artis, Historia general del arte :
_bArte de los Pueblos Aborígenes /
260 _aMadrid
_bEspasa-Calpe, S.A.,
_c1955.
300 _a526 páginas ;
_bIlustraciones en color y b/n.
_c27 cm.
505 _aContenido: Concepto de naturaleza y arte. Arte infantil -- Arte de los primitivos africanos -- Arte de los primitivos americanos
650 _aHistoria del Arte
_91647
650 _aPintura
_93081
650 _aArte primitivo
_919337
942 _2ddc
_cLIBROS
945 _anom